| 000 | 01393nam a22005177a 4500 | ||
|---|---|---|---|
| 005 | 20251002150426.0 | ||
| 008 | 160113b2015 xxu||||| |||| 00| | spa d | ||
| 020 | _a9789588348 | ||
| 041 | _aESP | ||
| 082 | _a363.25 D542L | ||
| 100 |
_aDíaz Moncada, josé de Jesús _9649 |
||
| 245 | _aLecciones de Criminalística | ||
| 260 | _aColombia | ||
| 260 | _bUniversidad de Medellín | ||
| 260 | _c2010 | ||
| 300 | _a256 páginas | ||
| 490 | _aInvestigación Criminal | ||
| 650 | _aCRIMINALISTICA | ||
| 650 | _aEVOLUCIÓN | ||
| 650 | _aMETODO CRIMINALISTICO | ||
| 650 | _aESCENA DEL CRIMEN | ||
| 650 | _aMÉTODO CIENTÍFICO | ||
| 650 | _aFOTOGRAFÍA FORENSE | ||
| 650 | _aINFORME FOTOGRÁFICO | ||
| 650 | _aMATERIALES DE PRUEBA | ||
| 650 | _aCADENA DE CUSTODIA | ||
| 650 | _aMANEJO DE LA PRUEBA | ||
| 650 | _aIDENTIFICACIÓN HUMANA | ||
| 650 | _aANTROPOLOÍA FORENSE | ||
| 650 | _aEXHUMACIÓN | ||
| 650 | _aTIEMPOS DE MUERTE | ||
| 650 | _aADN | ||
| 650 | _aLOFOSCOPIA | ||
| 650 | _aDACTILOGRAMA | ||
| 650 | _aHUELLAS DACTILARES | ||
| 650 | _aODONTOSCOPIA | ||
| 650 | _aODONTOLOGÍA FORENSE | ||
| 650 | _aIDENTIFICACIÓN DENTAL | ||
| 650 | _aSZIGMONDI | ||
| 650 | _aBALÍSTICA FORENSE | ||
| 650 | _aARMAS DE FUEGO | ||
| 650 | _aTIPOS DE ARMAS | ||
| 650 | _aANÁLISIS DE HERIDAS | ||
| 650 | _aCÓDIGO DE CONDUCTA FORENSE | ||
| 942 |
_cBK _2ddc |
||
| 999 |
_c7349 _d7349 |
||